000 01350aam a2200349 i 4500
001 768714001
003 CO-MdFUSB
005 20240505062616.0
007 ta
008 231006t20052007miu||||g |||| 00| 0 spa d
020 _a9780825411878
040 _aCO-MdFUSB
_bspa
_cCO-MdFUSB
_dCO-MdFUSBC
_erda
041 _aspa
_heng
082 _223
_a248.24
_bD387
100 _aDemoss, Nancy Leigh,
_eautor
240 _aHoliness: the heart God purifies
245 1 3 _aSantidad
_b : el corazón purificado por Dios
_c/ Nancy Leigh DeMoss ; traducido por Nohra Bernal
250 _aedición en castellano
264 1 _aMichigan :
_bPortavoz,
_c[2005]
264 4 _c©2007
300 _a143 páginas
_c; 22 cm
336 _2rdacontent
_atexto
_btxt
337 _2rdamedia
_asin mediación
_bn
338 _2rdacarrier
_avolumen
_bnc
490 _aAviva nuestros corazones
505 _aEl esplendor de la santidad -- La motivación para la santidad -- El enemigo de la santidad -- El rostro de santidad. -- El camino a la santidad: Despojarse: Decirle "NO" a la corrupción -- El camino a la santidad: Vestirse: Decirle "SÍ" a la gracia -- La esencia de la santidad -- La pasión por la santidad.
563 _aRústico
650 0 _919
_aVida cristiana
700 _aBernal, Nohra,
_etraductor
_98449
942 _cBK
945 _asor1564
999 _c69123
_d69123